[Event "DVM U16 2017"]
[Site "Walldorf GER"]
[Date "2017.12.29"]
[Round "5"]
[White "Mai, Artur"]
[Black "Kölz, Niklas"]
[Result "0-1"]
[Termination "normal"]
[Board "4.3"]
[WhiteElo "1578"]
[BlackElo "1712"]
[WhiteClock "00:46:57"]
[BlackClock "00:49:56"]
[WhiteTeam "SV Hemer"]
[BlackTeam "MS Halver-Schalksmühle"]
[PlyCount "48"]
[WhiteFideId "16206851"]
[BlackFideId "12971758"]
[EventCountry "GER"]
[EventRounds "7"]
[EventType "team-swiss"]
[EventDate "2017.12.26"]

1. e4 e6 2. d4 d5 3. e5 c5 4. c3 Bd7 5. Nf3 Nc6 6. Bd3 cxd4 7. cxd4 Qb6 8. O-O
Nxd4 9. Nbd2 Nxf3+ 10. Nxf3 Bb5 11. Be3 Bc5 12. Re1 Bxd3 13. Qxd3 Bxe3 14. Rxe3
Ne7 15. Ng5 h6 16. Rh3 Rc8 17. b3 Rf8 18. Nf3 Ng6 19. g3 Qb4 20. Nh4 Nxe5 21.
Qh7 Qd4 22. Rf1 Qg4 23. Kg2 g5 24. Qg7 Qe4+ 0-1

[Event "DVM U16 2017"]
[Site "Walldorf GER"]
[Date "2017.12.29"]
[Round "5"]
[White "Scholz, Sebastian"]
[Black "Naumenko, Valerija"]
[Result "1/2-1/2"]
[Termination "normal"]
[Board "4.4"]
[WhiteElo "1729"]
[BlackElo "1493"]
[WhiteClock "00:23:49"]
[BlackClock "00:01:18"]
[WhiteTeam "MS Halver-Schalksmühle"]
[BlackTeam "SV Hemer"]
[PlyCount "88"]
[WhiteFideId "16202597"]
[BlackFideId "16222890"]
[EventCountry "GER"]
[EventRounds "7"]
[EventType "team-swiss"]
[EventDate "2017.12.26"]

1. e4 e5 2. Nf3 Nc6 3. Nc3 Nf6 4. d4 exd4 5. Nxd4 Bb4 6. Nxc6 bxc6 7. Bd3 d5 8.
exd5 cxd5 9. O-O O-O 10. Bg5 c6 11. Qf3 h6 12. Bxf6 Qxf6 13. Qxf6 gxf6 14. Ne2
Bd6 15. Nd4 Bd7 16. Bf5 c5 17. Bxd7 cxd4 18. Rad1 Rfd8 19. Ba4 Rab8 20. Rxd4
Rxb2 21. Bb3 Bc5 22. Rg4+ Kf8 23. Rg3 a5 24. a4 Re8 25. Rd3 Re5 26. g3 Kg7 27.
Rfd1 Re2 28. Rf3 Re5 29. Kf1 Kg6 30. Rfd3 Rf5 31. f4 h5 32. Rxd5 Rxd5 33. Rxd5
Rb1+ 34. Ke2 Bg1 35. h3 Bh2 36. g4 hxg4 37. f5+ Kg5 38. hxg4 Kxg4 39. Rxa5 Be5
40. Bxf7 Kxf5 41. c4 Ke4 42. Bd5+ Kd4 43. Ra8 Rb8 44. Ra7 Rb3 1/2-1/2

[Event "DVM U16 2017"]
[Site "Walldorf GER"]
[Date "2017.12.29"]
[Round "5"]
[White "Wendler, David"]
[Black "Färber, David"]
[Result "1/2-1/2"]
[Termination "normal"]
[Board "5.1"]
[WhiteElo "2123"]
[BlackElo "2147"]
[WhiteClock "00:20:43"]
[BlackClock "00:29:06"]
[WhiteTeam "SK Bebenhausen"]
[BlackTeam "SV 1947 Walldorf"]
[PlyCount "45"]
[WhiteFideId "12938360"]
[BlackFideId "12971294"]
[EventCountry "GER"]
[EventRounds "7"]
[EventType "team-swiss"]
[EventDate "2017.12.26"]

1. e4 c6 2. d4 d5 3. exd5 cxd5 4. c4 Nf6 5. Nc3 Nc6 6. Bg5 e6 7. Nf3 Be7 8. a3
O-O 9. Bd3 dxc4 10. Bxc4 a6 11. O-O b5 12. Ba2 Bb7 13. Re1 Rc8 14. Qd2 b4 15.
axb4 Nxb4 16. Bb1 Bxf3 17. gxf3 Qb6 18. Na4 Qb7 19. Nc5 Qb5 20. Re5 Nc6 21.
Bxf6 Bxf6 22. Rh5 Nxd4 23. Bxh7+ 1/2-1/2

[Event "DVM U16 2017"]
[Site "Walldorf GER"]
[Date "2017.12.29"]
[Round "5"]
[White "Ivanov, Iliyan"]
[Black "Grimm, Ling Leander"]
[Result "1/2-1/2"]
[Termination "normal"]
[Board "5.2"]
[WhiteElo "1556"]
[BlackElo "1830"]
[WhiteClock "00:06:38"]
[BlackClock "00:00:42"]
[WhiteTeam "SV 1947 Walldorf"]
[BlackTeam "SK Bebenhausen"]
[PlyCount "77"]
[WhiteFideId "16247329"]
[BlackFideId "12968277"]
[EventCountry "GER"]
[EventRounds "7"]
[EventType "team-swiss"]
[EventDate "2017.12.26"]

1. d4 Nf6 2. Nf3 e6 3. g3 b6 4. Bg2 Bb7 5. O-O c5 6. e3 Be7 7. c4 O-O 8. Qc2
Nc6 9. Nc3 Rc8 10. Rd1 Qc7 11. Nb5 Qb8 12. a3 Rfd8 13. dxc5 Bxc5 14. b4 Be7 15.
Qb3 a5 16. Nbd4 axb4 17. Nxc6 Bxc6 18. axb4 d5 19. cxd5 Bxd5 20. Qb2 Qb7 21.
Qe2 Bxb4 22. Bb2 Be7 23. Bd4 Ra8 24. Rxa8 Rxa8 25. Rb1 Nd7 26. Qb5 Ra5 27. Qe2
h6 28. Ne1 Ra2 29. Qb5 Bxg2 30. Nxg2 Qf3 31. Bb2 Qe4 32. Bd4 Qc2 33. Rf1 Qa4
34. Qb1 b5 35. Rc1 Ra3 36. Rc8+ Nf8 37. Ne1 Qb3 38. Qc1 Ra2 39. Bc5 1/2-1/2

[Event "DVM U16 2017"]
[Site "Walldorf GER"]
[Date "2017.12.29"]
[Round "5"]
[White "Freiherr von Hauff, Christopher"]
[Black "Baureis, Julian"]
[Result "1-0"]
[Termination "normal"]
[Board "5.3"]
[WhiteElo "1804"]
[BlackElo "1609"]
[WhiteClock "00:05:15"]
[BlackClock "00:03:39"]
[WhiteTeam "SK Bebenhausen"]
[BlackTeam "SV 1947 Walldorf"]
[PlyCount "75"]
[WhiteFideId "16200691"]
[BlackFideId "12991112"]
[EventCountry "GER"]
[EventRounds "7"]
[EventType "team-swiss"]
[EventDate "2017.12.26"]

1. e4 c5 2. d4 cxd4 3. c3 g6 4. Nf3 d5 5. exd5 Qxd5 6. cxd4 Nf6 7. Nc3 Qd8 8.
Bc4 Bg7 9. Qb3 e6 10. O-O O-O 11. d5 exd5 12. Nxd5 Nc6 13. Bd2 Ne4 14. Bb4 Nxb4
15. Qxb4 Qd6 16. Qb3 Bg4 17. Rad1 Qc5 18. Be2 Be6 19. Qxb7 Rab8 20. Ne7+ Kh8
21. Qxe4 Qxe7 22. b3 Qa3 23. Rd2 Bf5 24. Qh4 Rbe8 25. Bc4 Re4 26. Qg3 Bg4 27.
Ng5 Rxc4 28. bxc4 Qxg3 29. hxg3 h6 30. Nf3 Rc8 31. Rc1 h5 32. Ng5 Kg8 33. c5
Bh6 34. f4 f6 35. Ne4 Kg7 36. c6 g5 37. fxg5 fxg5 38. c7 1-0

[Event "DVM U16 2017"]
[Site "Walldorf GER"]
[Date "2017.12.29"]
[Round "5"]
[White "Zwecker, Hagen"]
[Black "Greitmann, Niklas"]
[Result "0-1"]
[Termination "normal"]
[Board "5.4"]
[WhiteElo "1236"]
[BlackElo "1623"]
[WhiteClock "01:04:57"]
[BlackClock "00:46:58"]
[WhiteTeam "SV 1947 Walldorf"]
[BlackTeam "SK Bebenhausen"]
[PlyCount "32"]
[WhiteFideId "12991007"]
[BlackFideId "16200705"]
[EventCountry "GER"]
[EventRounds "7"]
[EventType "team-swiss"]
[EventDate "2017.12.26"]

1. e4 c5 2. Nf3 g6 3. d4 cxd4 4. Nxd4 Nc6 5. Nc3 Bg7 6. Be3 Nf6 7. f3 O-O 8.
Bb5 a6 9. Bc4 Qb6 10. Qc1 Nxd4 11. Qd2 e5 12. Na4 Qc7 13. Bxd4 exd4 14. Qxd4
Ng4 15. Qd3 Ne5 16. Qc3 Qxc4 0-1

[Event "DVM U16 2017"]
[Site "Walldorf GER"]
[Date "2017.12.29"]
[Round "5"]
[White "Biermann, Florian"]
[Black "Vuckovic, Zarko"]
[Result "1-0"]
[Termination "normal"]
[Board "6.1"]
[WhiteElo "1945"]
[BlackElo "2115"]
[WhiteClock "00:28:04"]
[BlackClock "01:15:23"]
[WhiteTeam "SG Bochum"]
[BlackTeam "SF Augsburg"]
[PlyCount "95"]
[WhiteFideId "12970069"]
[BlackFideId "12952087"]
[EventCountry "GER"]
[EventRounds "7"]
[EventType "team-swiss"]
[EventDate "2017.12.26"]

1. g3 e5 2. c4 Nc6 3. Bg2 d6 4. Nc3 Be6 5. d3 Qd7 6. Rb1 g6 7. b4 Bg7 8. b5 Nd8
9. e4 Ne7 10. Be3 O-O 11. Nge2 c6 12. bxc6 bxc6 13. O-O f5 14. Qd2 d5 15. exd5
cxd5 16. Bc5 Ndc6 17. cxd5 Nxd5 18. Bxf8 Rxf8 19. Rfc1 Rd8 20. Nxd5 Bxd5 21.
Bxd5+ Qxd5 22. Qc2 Na5 23. Qc7 Rd7 24. Rb8+ Kf7 25. Qc8 Qxd3 26. Rc7 Rxc7 27.
Qxc7+ Kf6 28. Qxa5 Qd1+ 29. Kg2 Qxe2 30. Qd8+ Ke6 31. Qg8+ Kf6 32. Qd5 Kg5 33.
Rb7 Bf6 34. Rxa7 h5 35. Qf3 Qc4 36. Rh7 f4 37. gxf4+ exf4 38. Rd7 Kh6 39. a3
Bb2 40. Rd6 Be5 41. Rc6 Qd4 42. Ra6 Qc4 43. Ra8 g5 44. Qb7 g4 45. Ra6+ Kg5 46.
Qe7+ Kf5 47. Qh7+ Kg5 48. Rg6+ 1-0

[Event "DVM U16 2017"]
[Site "Walldorf GER"]
[Date "2017.12.29"]
[Round "5"]
[White "Vuckovic, Robert"]
[Black "Biermann, Lenhard"]
[Result "1-0"]
[Termination "normal"]
[Board "6.2"]
[WhiteElo "1759"]
[BlackElo "1941"]
[WhiteClock "00:55:46"]
[BlackClock "00:28:04"]
[WhiteTeam "SF Augsburg"]
[BlackTeam "SG Bochum"]
[PlyCount "89"]
[WhiteFideId "12998680"]
[BlackFideId "12970077"]
[EventCountry "GER"]
[EventRounds "7"]
[EventType "team-swiss"]
[EventDate "2017.12.26"]

1. e4 e6 2. d4 d5 3. Nd2 h6 4. exd5 exd5 5. Bd3 Nc6 6. c3 Bd6 7. Qf3 Be6 8. Ne2
Qd7 9. h3 O-O-O 10. Nb3 Nge7 11. Bf4 Ng6 12. Bxd6 cxd6 13. g4 f5 14. O-O-O Nh4
15. Qg3 g5 16. f3 Rhf8 17. Nf4 Bg8 18. Ng2 Nxg2 19. Qxg2 Bh7 20. h4 fxg4 21.
Bxh7 Qxh7 22. Qxg4+ Qf5 23. hxg5 hxg5 24. Rh5 Kc7 25. Rxg5 Qxf3 26. Qxf3 Rxf3
27. Rxd5 Rg8 28. Nd2 Rf6 29. Rh5 Rg7 30. Rdh1 a6 31. Rh7 Rfg6 32. Rxg7+ Rxg7
33. Rh2 b5 34. Ne4 Ne7 35. Rh6 Nc8 36. Nf6 Kc6 37. d5+ Kc5 38. Rh4 Rg1+ 39. Kc2
Rg2+ 40. Kb3 Nb6 41. Rd4 b4 42. Ne4+ Kb5 43. Nxd6+ Kc5 44. Nb7+ Kb5 45. Rxb4#
1-0

[Event "DVM U16 2017"]
[Site "Walldorf GER"]
[Date "2017.12.29"]
[Round "5"]
[White "McPherson, Elisha"]
[Black "Gerzen, Robin"]
[Result "1/2-1/2"]
[Termination "normal"]
[Board "6.4"]
[WhiteElo "1488"]
[BlackElo "1660"]
[WhiteClock "00:46:44"]
[BlackClock "00:48:03"]
[WhiteTeam "SF Augsburg"]
[BlackTeam "SG Bochum"]
[PlyCount "41"]
[WhiteFideId "16255852"]
[BlackFideId "16206819"]
[EventCountry "GER"]
[EventRounds "7"]
[EventType "team-swiss"]
[EventDate "2017.12.26"]

1. e4 e6 2. d4 b6 3. c4 Bb7 4. Bd3 Nf6 5. Bg5 h6 6. Bxf6 Qxf6 7. Ne2 Nc6 8. Bc2
Nb4 9. Nd2 Nxc2+ 10. Qxc2 c5 11. d5 Be7 12. Nc3 d6 13. Qa4+ Kd8 14. Qd1 Qg6 15.
Qf3 e5 16. g3 Rf8 17. Qf5 Qxf5 18. exf5 Bc8 19. g4 Bd7 20. Nce4 f6 21. Nb1
1/2-1/2

[Event "DVM U16 2017"]
[Site "Walldorf GER"]
[Date "2017.12.29"]
[Round "5"]
[White "Mühlpfordt, Thomas"]
[Black "Lieberwirth, Kasimir"]
[Result "0-1"]
[Termination "normal"]
[Board "7.1"]
[WhiteElo "1951"]
[BlackElo "2034"]
[WhiteClock "00:14:35"]
[BlackClock "00:16:02"]
[WhiteTeam "SC 1997 Lambsheim"]
[BlackTeam "SG Turm Leipzig"]
[PlyCount "69"]
[WhiteFideId "12986623"]
[BlackFideId "12988146"]
[EventCountry "GER"]
[EventRounds "7"]
[EventType "team-swiss"]
[EventDate "2017.12.26"]

1. e4 c5 2. Nf3 d6 3. d4 cxd4 4. Nxd4 Nf6 5. Nc3 a6 6. Bc4 e6 7. Bb3 Nbd7 8.
O-O Nc5 9. f4 Be7 10. e5 dxe5 11. fxe5 Nfd7 12. Qh5 g6 13. Qe2 Bf8 14. Ne4 Nxe4
15. Qxe4 Bg7 16. Bf4 O-O 17. Rad1 Qc7 18. Nf3 Nc5 19. Qe3 b5 20. Bh6 Bb7 21.
Bxg7 Kxg7 22. Rd4 Bxf3 23. Rxf3 Nxb3 24. Rh3 h5 25. Rxh5 Rh8 26. Rxh8 Rxh8 27.
cxb3 Rh5 28. Rd6 Qc2 29. Rxa6 Qb1+ 30. Kf2 Qxb2+ 31. Kg3 Rxe5 32. Qf3 Qd2 33.
Qf4 Qe1+ 34. Kh3 Rh5+ 35. Kg4 0-1

[Event "DVM U16 2017"]
[Site "Walldorf GER"]
[Date "2017.12.29"]
[Round "5"]
[White "Buschmann, Julius"]
[Black "Wacker, Andreas"]
[Result "1/2-1/2"]
[Termination "normal"]
[Board "7.2"]
[WhiteElo "1585"]
[BlackElo "1823"]
[WhiteClock "00:04:03"]
[BlackClock "00:05:16"]
[WhiteTeam "SG Turm Leipzig"]
[BlackTeam "SC 1997 Lambsheim"]
[PlyCount "70"]
[WhiteFideId "16255895"]
[BlackFideId "12953083"]
[EventCountry "GER"]
[EventRounds "7"]
[EventType "team-swiss"]
[EventDate "2017.12.26"]

1. e4 c6 2. Qe2 d5 3. d3 e6 4. exd5 cxd5 5. d4 Nc6 6. c3 Nf6 7. Be3 Bd6 8. Nd2
a6 9. f4 Qc7 10. g3 b5 11. Ngf3 Na5 12. Ne5 Nc4 13. Ndxc4 bxc4 14. Bg2 Rb8 15.
O-O Nd7 16. Qc2 a5 17. Rfb1 Ba6 18. b3 O-O 19. bxc4 Bxc4 20. Nxc4 Qxc4 21. Bf1
Qc6 22. c4 dxc4 23. Qxc4 Qe4 24. Qd3 Nf6 25. Qxe4 Nxe4 26. Bd3 Nf6 27. Rb5 Nd5
28. Bf2 Nb4 29. Bc4 Rfc8 30. Rxb8 Bxb8 31. Bb3 Nd3 32. Rd1 Nxf2 33. Kxf2 Ba7
34. Kf3 Rd8 35. d5 exd5 1/2-1/2

[Event "DVM U16 2017"]
[Site "Walldorf GER"]
[Date "2017.12.29"]
[Round "5"]
[White "Dalchow, Jonas"]
[Black "Bosch, Jonael"]
[Result "1-0"]
[Termination "normal"]
[Board "7.3"]
[WhiteElo "1758"]
[BlackElo "1569"]
[WhiteClock "00:01:29"]
[BlackClock "00:01:48"]
[WhiteTeam "SC 1997 Lambsheim"]
[BlackTeam "SG Turm Leipzig"]
[PlyCount "89"]
[WhiteFideId "12971251"]
[BlackFideId "16251253"]
[EventCountry "GER"]
[EventRounds "7"]
[EventType "team-swiss"]
[EventDate "2017.12.26"]

1. e4 e5 2. Nf3 Nc6 3. Bc4 Nf6 4. d3 Bc5 5. c3 d6 6. Bg5 Be6 7. Nbd2 h6 8. Be3
Bxe3 9. fxe3 O-O 10. Bxe6 fxe6 11. d4 Ng4 12. Qe2 exd4 13. exd4 Nf6 14. e5 dxe5
15. Nxe5 Nxe5 16. Qxe5 Rf7 17. Nf3 Qd5 18. O-O c6 19. Rfe1 Re8 20. Qe2 Nd7 21.
Ne5 Nxe5 22. Qxe5 Qxe5 23. Rxe5 Rf5 24. Re4 Kf7 25. Rf1 Rxf1+ 26. Kxf1 Kf6 27.
Re5 Rd8 28. Ke2 Rd5 29. Re3 a5 30. Kd3 Rf5 31. Ke4 g5 32. Rf3 g4 33. Rxf5+
exf5+ 34. Kf4 a4 35. b3 a3 36. h3 gxh3 37. gxh3 Ke6 38. c4 b6 39. h4 h5 40. b4
Kd6 41. Kxf5 c5 42. dxc5+ bxc5 43. b5 Kc7 44. Ke6 Kb6 45. Kd6 1-0

[Event "DVM U16 2017"]
[Site "Walldorf GER"]
[Date "2017.12.29"]
[Round "5"]
[White "Kreicarek, Tobias"]
[Black "Dalchow, Mario"]
[Result "1/2-1/2"]
[Termination "normal"]
[Board "7.4"]
[WhiteElo "1415"]
[BlackElo "1619"]
[WhiteClock "00:15:19"]
[BlackClock "00:30:24"]
[WhiteTeam "SG Turm Leipzig"]
[BlackTeam "SC 1997 Lambsheim"]
[PlyCount "88"]
[WhiteFideId "16255909"]
[BlackFideId "12971421"]
[EventCountry "GER"]
[EventRounds "7"]
[EventType "team-swiss"]
[EventDate "2017.12.26"]

1. e4 c6 2. d4 d5 3. exd5 cxd5 4. Nc3 Nf6 5. Nf3 e6 6. Bf4 Bb4 7. Bd3 Nc6 8.
O-O Bd6 9. Bg3 O-O 10. Re1 Bxg3 11. hxg3 g6 12. Qd2 Qb6 13. Bb5 Kg7 14. Bxc6
bxc6 15. Ne5 Ba6 16. Na4 Qc7 17. Nc5 Bc8 18. g4 Nd7 19. Nexd7 Bxd7 20. f4 Rh8
21. g3 h5 22. g5 Bc8 23. Re3 h4 24. Kg2 Rb8 25. b3 Rb5 26. Rh1 Qd6 27. Rc3 hxg3
28. Rxh8 Kxh8 29. Kxg3 Kg7 30. Qe3 Rb8 31. Qe5+ Qxe5 32. fxe5 Rb4 33. Rd3 Rb6
34. a4 a5 35. Rc3 Rb4 36. Rd3 Rb6 37. Kf4 Ba6 38. Nxa6 Rxa6 39. Rc3 Kf8 40. Rc5
Ke7 41. Ke3 Kd7 42. Kd3 Ra8 43. c4 Ra7 44. Kc3 Ra6 1/2-1/2

[Event "DVM U16 2017"]
[Site "Walldorf GER"]
[Date "2017.12.29"]
[Round "5"]
[White "Hinrichs, Niklas"]
[Black "Schäfer, Nicolas"]
[Result "1/2-1/2"]
[Termination "normal"]
[Board "8.1"]
[WhiteElo "1975"]
[BlackElo "1668"]
[WhiteClock "00:58:11"]
[BlackClock "00:21:58"]
[WhiteTeam "SK Bingen"]
[BlackTeam "SVG Saarbrücken"]
[PlyCount "44"]
[WhiteFideId "12942499"]
[BlackFideId "12988901"]
[EventCountry "GER"]
[EventRounds "7"]
[EventType "team-swiss"]
[EventDate "2017.12.26"]

1. d4 Nf6 2. c4 c5 3. d5 e6 4. Nc3 exd5 5. cxd5 d6 6. Nf3 g6 7. Bf4 Bg7 8. h3
O-O 9. e3 Na6 10. Nd2 Nc7 11. Bc4 Re8 12. O-O b5 13. Nxb5 Nfxd5 14. Nxd6 Nxf4
15. Nxf7 Nxh3+ 16. gxh3 Qh4 17. Nd6+ Kh8 18. Nxe8 Bxh3 19. Qf3 Rxe8 20. Qg3
Qxg3+ 21. fxg3 Bxf1 22. Nxf1 Bxb2 1/2-1/2

[Event "DVM U16 2017"]
[Site "Walldorf GER"]
[Date "2017.12.29"]
[Round "5"]
[White "Jenner, Meikel"]
[Black "Hinrichs, Paul"]
[Result "0-1"]
[Termination "normal"]
[Board "8.2"]
[WhiteElo "1592"]
[BlackElo "1830"]
[WhiteClock "01:04:38"]
[BlackClock "01:08:52"]
[WhiteTeam "SVG Saarbrücken"]
[BlackTeam "SK Bingen"]
[PlyCount "28"]
[WhiteFideId "16245342"]
[BlackFideId "12942545"]
[EventCountry "GER"]
[EventRounds "7"]
[EventType "team-swiss"]
[EventDate "2017.12.26"]

1. e4 e5 2. Nc3 Nc6 3. f4 exf4 4. Nf3 Nf6 5. d4 Bb4 6. Bd3 d5 7. Qe2 O-O 8. e5
Bg4 9. Bxf4 Ne4 10. Bxe4 dxe4 11. Qxe4 Bxf3 12. gxf3 Qxd4 13. Qxd4 Nxd4 14.
O-O-O Bxc3 0-1

[Event "DVM U16 2017"]
[Site "Walldorf GER"]
[Date "2017.12.29"]
[Round "5"]
[White "Lutterbach, Jakob"]
[Black "Zha, Kevin"]
[Result "1/2-1/2"]
[Termination "normal"]
[Board "8.3"]
[WhiteElo "1581"]
[BlackElo "1516"]
[WhiteClock "00:06:48"]
[BlackClock "00:01:33"]
[WhiteTeam "SK Bingen"]
[BlackTeam "SVG Saarbrücken"]
[PlyCount "82"]
[WhiteFideId "16208498"]
[BlackFideId "16208951"]
[EventCountry "GER"]
[EventRounds "7"]
[EventType "team-swiss"]
[EventDate "2017.12.26"]

1. e4 g6 2. d4 Bg7 3. c3 d6 4. Nf3 Nf6 5. Bd3 O-O 6. O-O c5 7. Re1 Bg4 8. h3
Bxf3 9. Qxf3 cxd4 10. cxd4 Nc6 11. d5 Ne5 12. Qe2 Nxd3 13. Qxd3 Qb6 14. Nc3 Nd7
15. Rb1 Nc5 16. Qc2 Rac8 17. Bd2 Nd7 18. Be3 Qb4 19. Rec1 Rc7 20. Qa4 Qxa4 21.
Nxa4 Rcc8 22. Kf1 b6 23. Ke2 Rfd8 24. b3 b5 25. Nb2 Rxc1 26. Bxc1 Rc8 27. Kd1
Nc5 28. f3 Bxb2 29. Bxb2 Nd3 30. Kd2 Nb4 31. a3 Na6 32. Bd4 Rc7 33. Rc1 Nc5 34.
Bxc5 Rxc5 35. Rc3 Kf8 36. b4 Rxc3 37. Kxc3 Ke8 38. Kd4 Kd7 39. g4 e6 40. Ke3
Ke7 41. g5 f6 1/2-1/2

[Event "DVM U16 2017"]
[Site "Walldorf GER"]
[Date "2017.12.29"]
[Round "5"]
[White "Schmied, Elias"]
[Black "Berstler, Tobias"]
[Result "1/2-1/2"]
[Termination "normal"]
[Board "8.4"]
[WhiteElo "1475"]
[BlackElo "1616"]
[WhiteClock "00:03:13"]
[BlackClock "00:08:29"]
[WhiteTeam "SVG Saarbrücken"]
[BlackTeam "SK Bingen"]
[PlyCount "74"]
[WhiteFideId "16255879"]
[BlackFideId "16242661"]
[EventCountry "GER"]
[EventRounds "7"]
[EventType "team-swiss"]
[EventDate "2017.12.26"]

1. d4 d5 2. c4 c6 3. Nc3 Nf6 4. Nf3 e6 5. Bg5 Nbd7 6. e3 Be7 7. Bd3 dxc4 8.
Bxc4 b5 9. Bd3 b4 10. Ne4 Nxe4 11. Bxe7 Qxe7 12. Bxe4 Bb7 13. Rc1 Rc8 14. Qa4
Nb6 15. Qxa7 Nd5 16. Qc5 Qxc5 17. Rxc5 O-O 18. Kd2 Ra8 19. Bb1 Ra6 20. Rhc1 Ne7
21. Ne5 f6 22. Nd3 Rb6 23. Kc2 Ba6 24. Kb3 Ra8 25. Nxb4 Nd5 26. a3 Nxb4 27.
axb4 Rab8 28. Ka2 Rxb4 29. b3 Rxb3 30. Ra5 Rb2+ 31. Ka1 Bc8 32. Be4 Rxf2 33.
Bxc6 Kf7 34. Ra7+ Kg6 35. Ra2 Rxa2+ 36. Kxa2 Bb7 37. e4 Bxc6 1/2-1/2

[Event "DVM U16 2017"]
[Site "Walldorf GER"]
[Date "2017.12.29"]
[Round "5"]
[White "Jahn, Felix"]
[Black "Reindl, Knut"]
[Result "0-1"]
[Termination "normal"]
[Board "9.1"]
[WhiteElo "1648"]
[BlackElo "1814"]
[WhiteTeam "BSG Grün-Weiß Leipzig"]
[BlackTeam "SG Schwäbisch Gmünd"]
[PlyCount "118"]
[WhiteFideId "12983632"]
[BlackFideId "12946753"]
[EventCountry "GER"]
[EventRounds "7"]
[EventType "team-swiss"]
[EventDate "2017.12.26"]

1. e4 c5 2. Nf3 Nc6 3. d4 cxd4 4. Nxd4 g6 5. Nc3 Bg7 6. Be3 Nf6 7. Be2 O-O 8.
Qd2 d5 9. exd5 Nxd5 10. Nxd5 Qxd5 11. Bf3 Qe5 12. Nxc6 bxc6 13. c3 Qc7 14. O-O
Rd8 15. Qe2 Be6 16. b3 Bd5 17. Rac1 Qa5 18. b4 Bxf3 19. Qxf3 Qxa2 20. Qxc6 Rac8
21. Qb7 Bxc3 22. Qxe7 Qa3 23. Bc5 a5 24. Rfd1 Re8 25. Qg5 Bxb4 26. Bd4 Rxc1 27.
Rxc1 Qxc1+ 28. Qxc1 Re1+ 29. Qxe1 Bxe1 30. Kf1 Bb4 31. Ke2 f5 32. Kd3 a4 33.
Kc4 Be7 34. f3 Kf7 35. Kb5 a3 36. Ka4 Ke6 37. Kb3 Kd5 38. Bc3 Bc5 39. Bf6 Bd4
40. Bh4 Bc5 41. Bf6 Ke6 42. Bg7 Bd6 43. h3 f4 44. Bd4 Kf5 45. Bc3 h5 46. Bd4 g5
47. Bc3 g4 48. Bd4 g3 49. Bb6 Ke5 50. Ba7 Kd5 51. Bb6 a2 52. Kxa2 Kc4 53. Kb2
Kd3 54. Kc1 Ke2 55. Kc2 Kf1 56. Kd3 Kxg2 57. Ke2 Kxh3 58. Kf1 Kh2 59. Bg1+ Kh1
0-1

[Event "DVM U16 2017"]
[Site "Walldorf GER"]
[Date "2017.12.29"]
[Round "5"]
[White "Lang, Thomas"]
[Black "Rose, Noah"]
[Result "1/2-1/2"]
[Termination "normal"]
[Board "9.2"]
[WhiteElo "1749"]
[BlackElo "1565"]
[WhiteTeam "SG Schwäbisch Gmünd"]
[BlackTeam "BSG Grün-Weiß Leipzig"]
[PlyCount "55"]
[WhiteFideId "12982520"]
[BlackFideId "12990191"]
[EventCountry "GER"]
[EventRounds "7"]
[EventType "team-swiss"]
[EventDate "2017.12.26"]

1. e4 c5 2. Nf3 d6 3. d4 cxd4 4. Nxd4 Nf6 5. f3 a6 6. c4 e5 7. Nb3 Be6 8. Be3
Nbd7 9. Be2 Qc7 10. N1d2 Be7 11. O-O O-O 12. Rc1 b6 13. Na1 Qb7 14. a4 Rac8 15.
b3 Rfd8 16. Nc2 Nc5 17. Nb4 h6 18. Rc3 Rb8 19. Qb1 Bd7 20. Bxc5 bxc5 21. Nd5
Nxd5 22. exd5 f5 23. Bd3 Rf8 24. g3 Qb4 25. Rc2 Bf6 26. Qe1 Rbe8 27. Kh1 Kh8
28. Qf2 1/2-1/2

[Event "DVM U16 2017"]
[Site "Walldorf GER"]
[Date "2017.12.29"]
[Round "5"]
[White "Reichelt, Marius"]
[Black "Reindl, Jork"]
[Result "1/2-1/2"]
[Termination "normal"]
[Board "9.3"]
[WhiteElo "1536"]
[BlackElo "1648"]
[WhiteTeam "BSG Grün-Weiß Leipzig"]
[BlackTeam "SG Schwäbisch Gmünd"]
[PlyCount "165"]
[WhiteFideId "16224019"]
[BlackFideId "16200152"]
[EventCountry "GER"]
[EventRounds "7"]
[EventType "team-swiss"]
[EventDate "2017.12.26"]

1. e4 e6 2. d4 d5 3. exd5 exd5 4. Bd3 Bd6 5. Nf3 Nf6 6. O-O O-O 7. Bg5 c6 8. h3
Be6 9. c3 h6 10. Bh4 Nbd7 11. Re1 Qc7 12. Nbd2 Kh8 13. Nf1 a6 14. Bg3 Bxg3 15.
Nxg3 Rab8 16. Re2 Rfe8 17. Qd2 Nf8 18. Rae1 Qc8 19. Ne5 N8d7 20. Ng6+ Kg8 21.
Ne5 Nf8 22. Qf4 N8h7 23. Nf5 Qd8 24. h4 Rf8 25. Re3 Bxf5 26. Bxf5 Nh5 27. Qf3
N5f6 28. Bxh7+ Nxh7 29. Qh3 Nf6 30. g4 Nh7 31. f4 Qc8 32. g5 Qxh3 33. Rxh3 Rfe8
34. Rhe3 f6 35. g6 Nf8 36. Ng4 Rxe3 37. Nxe3 Nxg6 38. Ng2 Kf7 39. h5 Nf8 40.
Nh4 Ne6 41. Ng2 Rg8 42. Kf2 g5 43. hxg6+ Rxg6 44. f5 Rxg2+ 45. Kxg2 Ng5 46. Kg3
h5 47. Rh1 Ne4+ 48. Kf4 Nf2 49. Rh2 Ne4 50. Rxh5 Kg7 51. Rh2 Nd6 52. b3 Nb5 53.
Rh3 Nd6 54. Re3 Kf7 55. Rh3 Kg7 56. Rg3+ Kf7 57. Rg2 Nb5 58. Rc2 Na3 59. Rc1
Nb5 60. a4 Nc7 61. c4 Kg7 62. cxd5 Nxd5+ 63. Ke4 Nb4 64. Rc5 b6 65. Rc4 a5 66.
Rc1 Kf7 67. d5 cxd5+ 68. Kd4 Ke7 69. Re1+ Kd7 70. Rc1 Kd6 71. Rc8 Nc6+ 72. Kd3
Ne5+ 73. Kd4 Nf3+ 74. Ke3 Nh4 75. Kf4 d4 76. Kg4 Ng2 77. Kf3 Ne3 78. Kf4 Nd5+
79. Ke4 Ne7 80. Rd8+ Kc7 81. Rxd4 Nc6 82. Rc4 Kd6 83. Rc3 1/2-1/2

[Event "DVM U16 2017"]
[Site "Walldorf GER"]
[Date "2017.12.29"]
[Round "5"]
[White "Schmid, Tim"]
[Black "Kannengießer, Louis"]
[Result "0-1"]
[Termination "normal"]
[Board "9.4"]
[WhiteElo "1055"]
[BlackElo "1556"]
[WhiteTeam "SG Schwäbisch Gmünd"]
[BlackTeam "BSG Grün-Weiß Leipzig"]
[PlyCount "110"]
[WhiteFideId "16255925"]
[BlackFideId "16206800"]
[EventCountry "GER"]
[EventRounds "7"]
[EventType "team-swiss"]
[EventDate "2017.12.26"]

1. e4 e5 2. Nf3 Nc6 3. Nc3 Be7 4. Bb5 d6 5. Bxc6+ bxc6 6. O-O Nf6 7. d3 Bg4 8.
h3 Bh5 9. b3 O-O 10. Bb2 Qd7 11. Qe2 Rfe8 12. Nd1 Rad8 13. Qe3 Bf8 14. d4 exd4
15. Bxd4 Nxe4 16. Qd3 Bg6 17. Qc4 c5 18. Bb2 Qc6 19. Nc3 Nxc3 20. Qxc3 h6 21.
Nh2 Re2 22. Rac1 Rde8 23. Ng4 Qe4 24. Nxh6+ Kh7 25. Ng4 Rxc2 26. Nf6+ gxf6 27.
Qxf6 Bh6 28. Qh8+ Rxh8 29. Bxh8 Kxh8 30. Rce1 Qxe1 31. Rxe1 Rc1 32. Rxc1 Bxc1
33. Kh2 Bb1 34. g4 Bxa2 35. h4 Bxb3 36. Kg3 Kg7 37. g5 Kg6 38. f4 Be6 39. h5+
Kxh5 40. f5 Bxf5 41. g6 fxg6 42. Kf3 a5 43. Ke2 Bc2 44. Kf2 Kg4 45. Ke1 a4 46.
Ke2 a3 47. Kf2 a2 48. Ke2 a1=R 49. Kf2 Ra3 50. Ke2 Rd3 51. Kf2 c6 52. Ke2 Kf4
53. Kf2 Rd2+ 54. Ke1 Kf3 55. Kf1 Rd1# 0-1